| 000 | 02138nam a2200313 a 4500 | ||
|---|---|---|---|
| 001 | 53894 | ||
| 003 | AR-BaAGN | ||
| 005 | 20240408132743.0 | ||
| 007 | ta | ||
| 008 | s ag |||||r|||| ||| ||spa d | ||
| 020 | _a978-950-23-3332-8 | ||
| 040 |
_aAR-BaAGN _bspa _eaacr |
||
| 245 | 0 | 3 |
_aLa otra ventanilla : _bjudicialización de conflictos sociales en Argentina / _cPilar Arcidiácono y Gustavo Gamallo (compiladores). |
| 250 | _a1a ed. | ||
| 260 |
_aCiudad de Bueno Aires : _bEudeba, _c2023. |
||
| 300 |
_a366 páginas : _bfacsím., fotografías ; _c23 cm. |
||
| 336 |
_btxt _2rdacontent |
||
| 337 |
_bn _2rdamedia |
||
| 338 |
_bnc _2rdacarrier |
||
| 500 | _aIncluye referencias bibliográficas al final de cada capítulo. | ||
| 500 | _aIncluye notas y referencias bibliográficas a pie de página. | ||
| 520 | 3 | _aEl reclamo por temas ambientales de la cuenca Matanza-Riachuelo llegó hasta la cumbre del poder judicial. Numerosos barrios populares se encuentran atravesados por demandas judicioales de urbanización. Expedientes por reajustes de haberes previsionales colapsaron el fuero de la seguridad social. Solicitudes de prestaciones médicas se exigen de manera ordinaria en sedes judiciales para forzar decisiones de prepagas y obras sociales . Funcionarios de los poderes ejecutivos denuncian su reducido margen de maniobra porque el presupuesto está "judicializado". Durante las últimas dos décadas, el tradicional accionar punitivo del poder judicial en conflictos sociales convive con multiplicación de peticiones, lo que convierte progresivamente a los tribunales argentinos en la "otra ventanilla". La obra reúne a investigadoras e investigadores de diferentes disciplinas de las ciencias sociales que exploran el rostro del Estado menos estudiado: la presencia significativa del poder judicial en los conflictos sociales y en la vida cotidiana de las personas. (Descripción del editor). | |
| 650 | 4 |
_aCONFLICTOS SOCIALES _91607 |
|
| 650 | 4 |
_aPODER JUDICIAL _91919 |
|
| 650 | 4 |
_aECONOMÍA _91656 |
|
| 700 | 1 |
_aArcidiácono, Pilar _ecom _97920 |
|
| 700 | 1 |
_aGamallo, Gustavo _ecom _9225 |
|
| 942 |
_cLIBRO _n0 |
||
| 999 |
_c53894 _d53894 |
||